00900nam a2200253 a 450000100060000000300080000600500170001400800410003103500190007204000350009104100080012608200250013424500510015925000120021026000590022230000230028150000190030465000570032365000580038070000330043894200120047199900170048395201460050060832BD-RjUL20211209080904.0170103d1952 dcu x r 0 a0eng d a(BD-RjUL)60956 aBD-RjULcBD-RjULdBD-RjULbeng aeng 0223a378.73bAME 195200aAmerican junior colleges /cJesse Parker Bogue a3rd ed. aWashington, D.C.bAmerican Council on Education,c1952 ax, 604 p. c25 cm. aIncludes index 0aJunior collegeszUnited StatesvDirectories.9181316 6aJunior collegeszÉtats-UnisvRépertoires.9181317 aBogue, Jesse Parker 9181318 2ddccBK c60832d60832 00102ddc40718NFICaRUCLbRUCLcReadingd1956-02-18eU. S. I. S. Daccag0.00l0o378.73 AME 1952r2017-01-03 00:00:00tC-1w2017-01-03yBK